[Event "CZE-ch Open 2019"]
[Site "Ostrava"]
[Date "2019.04.29"]
[Round "3.16"]
[White "Hausner, Ivan"]
[Black "Belunek, Vladimir"]
[Result "1-0"]
[WhiteElo "2349"]
[BlackElo "2201"]
[Annotator "TA"]
[PlyCount "47"]
[EventDate "2019.04.27"]
[EventType "swiss"]
[EventCountry "CZE"]
[SourceTitle "playchess.com"]
[Source "ChessBase"]
[SourceQuality "1"]

{[%evp 16,47,-7,-18,-32,-52,0,0,0,0,0,0,17,3,189,70,670,663,624,505,741,770,763,743,753,730,2035,758,1962,1918,1934,1796,29987,1333]} 1. e4 e5 2. Bc4 Nf6 3. d4 exd4 4. Nf3 Nxe4 5. Qxd4 Nf6 6. Nc3 c6 7. Bg5 Be7 8. O-O-O d5 9. Rhe1 Be6 {C24: Bishop's Opening: 2...Nf6} 10. Qh4 Nbd7 ({Black should try} 10... h6 $1 $15 11. Bd3 Kd7) 11. Bd3 Nc5 {aiming for ...h6.The position is equal.} 12. Nd4 $1 h6 {Strongly threatening ...0-0.} 13. Bf5 $1 Kd7 (13... Nfd7 14. Bxe7 Qxe7 15. Qg4 O-O 16. b4 Nf6 17. Qh4 Nce4 18. Nxe4 dxe4 19. Nxe6 Qxb4 20. Nxf8 Qa3+ 21. Kb1 Qb4+ {½-½ (21) Bauer,R (2566)-Grabliauskas,V (2508) ICCF email 2014}) 14. Bd2 $146 {[%mdl 2048] White has the initiative.} ({Predecessor:} 14. Nxe6 fxe6 15. Bxf6 Bxf6 16. Qb4 Bxc3 17. Qxc3 Qg5+ 18. Kb1 Qxf5 19. Qxc5 Rhe8 20. Re3 Qxf2 21. Qb4 Qxe3 {0-1 (21) Wittmann,J (2072)-Yeo,M (2198) Birmingham 2000}) 14... Nfe4 $2 {[#]} (14... Bd6 $11 {and Black stays safe.}) 15. Nxe4 (15. Qg4 $1 $18 h5 16. Qxg7 Nxc3 17. Bxc3) 15... Nxe4 $4 {[%mdl 8192]} (15... Nd3+ $14 16. cxd3 Bxh4 17. Nc5+ Kc8 18. Ndxe6 fxe6 19. Rxe6 Kc7) 16. Bxe6+ $18 fxe6 17. Qh3 {And now Rxe4! would win.} Qg8 {[#]} 18. Rxe4 $1 {[%mdl 512]} dxe4 {[#]} 19. Nxe6 $1 {[%mdl 512]} Ke8 (19... Qxe6 20. Bf4+) 20. Bc3 Rh7 21. Qf5 (21. Nc7+ $142 Kf8 22. Qf5+ {[%mdl 64] Double Attack} Qf7 23. Qxh7 Bg5+ {[%mdl 64] [#] Discovered Attack} 24. Kb1 $1 {[%mdl 512]}) 21... Qf7 22. Nc7+ {[%mdl 64] Double Attack} Kf8 23. Qxh7 {Threatening mate with Bxg7+.} Rc8 24. Bxg7+ {Accuracy: White = 58%, Black = 14%.} 1-0

[Event "CZE-ch Open 2019"]
[Site "Ostrava"]
[Date "2019.04.29"]
[Round "3.17"]
[White "Zeman, Matyas"]
[Black "Jasny, Stanislav"]
[Result "1/2-1/2"]
[WhiteElo "2244"]
[BlackElo "2347"]
[Annotator "TA"]
[PlyCount "79"]
[EventDate "2019.04.27"]
[EventType "swiss"]
[EventCountry "CZE"]
[SourceTitle "playchess.com"]
[Source "ChessBase"]
[SourceQuality "1"]

{[%evp 15,79,17,38,10,2,-6,29,15,38,35,35,43,42,38,43,50,53,56,50,58,53,40,45,33,121,118,121,130,93,88,217,206,197,29,36,26,33,31,31,28,121,0,0,7,23,6,6,6,6,6,0,0,6,6,6,6,6,6,6,6,6,0,0,0,0,0]} 1. d4 g6 2. e4 Bg7 3. Nc3 d6 4. Nf3 a6 5. a4 Nf6 6. Be2 O-O 7. O-O Nc6 8. h3 e5 9. dxe5 {B08: Pirc Defence: Classical System} (9. d5 {is more complex.} Ne7 10. a5 Nh5 11. Bd2 Bd7 12. Re1) 9... dxe5 10. Bg5 Qxd1 $146 (10... Be6 {looks sharper.} 11. Qc1 Qe7 12. a5 Rfd8 13. Re1 Qc5) ({Predecessor:} 10... Be6 11. Be3 Qe7 12. Qc1 Rad8 13. Rd1 Rxd1+ 14. Bxd1 Rd8 15. a5 Qf8 16. Nd2 h6 {½-½ (42) Gustafsson,J (2626)-Wang,H (2690) Bangkok 2017}) 11. Rfxd1 {White has an edge.} h6 12. Bxf6 Bxf6 13. Nd5 Bd8 14. c3 $36 {[%mdl 2048] White has the initiative.} Kg7 15. b4 f6 16. Nd2 Ne7 17. Ne3 a5 18. Nb3 axb4 19. cxb4 Nc6 (19... f5 $14) 20. b5 $16 Na5 21. Nxa5 Rxa5 22. Bg4 Ra8 (22... Be7 $16 {was called for.}) 23. Bxc8 $18 Rxc8 {[#]} 24. Rd7+ $2 ({White should try} 24. a5 $1 $18) 24... Rf7 $11 25. Rad1 Be7 26. Nc4 Bc5 27. R1d5 {Strongly threatening Rxf7+.} Bd4 (27... Rxd7 $11 28. Rxd7+ Kf8) 28. Rd8 ({Better is} 28. a5 $16) 28... Rxd8 29. Rxd8 {[%mdl 4096] Endgame KRB-KRN} b6 30. Kf1 (30. Nd2 {keeps more tension.} Rf8 31. Rd7+ Rf7 32. Rd5 Rf8 33. Nb3) 30... Rf8 {The position is equal.} 31. Rxf8 Kxf8 {KB-KN} 32. Ke2 Ke7 33. f3 Ke6 34. Kd3 Bg1 35. Na3 Bc5 36. Nc2 h5 37. Kc4 {[#] a5! is the strong threat.} Kd6 38. g4 h4 39. Ne1 Be3 40. Nd3 {Accuracy: White = 59%, Black = 47%.} 1/2-1/2

[Event "CZE-ch Open 2019"]
[Site "Ostrava"]
[Date "2019.04.29"]
[Round "3.18"]
[White "Ludvik, Tomas"]
[Black "Vokac, Marek"]
[Result "1-0"]
[WhiteElo "2222"]
[BlackElo "2343"]
[Annotator "TA"]
[PlyCount "85"]
[EventDate "2019.04.27"]
[EventType "swiss"]
[EventCountry "CZE"]
[SourceTitle "playchess.com"]
[Source "ChessBase"]
[SourceQuality "1"]

{[%evp 29,85,44,60,54,50,56,74,72,72,69,119,79,104,104,102,98,114,43,65,0,117,119,116,98,98,98,112,56,93,0,114,97,157,115,117,106,197,110,131,141,132,129,210,132,161,157,143,49,157,157,243,225,991,951,29993,29994,29994,29995]} 1. d4 g6 2. c4 Bg7 3. e4 d6 4. Nc3 Nf6 5. Nf3 O-O 6. Be2 c5 7. O-O cxd4 8. Nxd4 Nc6 9. Be3 Bd7 10. Qd2 Nxd4 11. Bxd4 Bc6 12. f3 a5 13. b3 Nd7 14. Be3 Nc5 15. Rac1 Qb6 16. Rfd1 {B38: Sicilian: Maroczy Bind with 5...Bg7 and 7...0-0} (16. Rc2 Rfc8 17. Rfc1 Qd8 18. Bf1 h5 19. Rd1 Kh7 20. Nd5 e6 21. Nf4 Be5 22. Nh3 Kg8 23. Ng5 b6 {½-½ (44) Landa,K (2607)-Reinderman,D (2573) Netherlands 2017}) 16... Rfc8 17. Nb5 Bxb5 18. cxb5 {White is better.} Qd8 $146 ({Predecessor:} 18... Qa7 19. Bc4 b6 20. Qd5 Rf8 21. Rc2 Rab8 22. Rdc1 Qb7 23. Qxb7 Rxb7 24. a3 {1-0 (41) Gelbenegger,P (2055)-Walder,E (1892) St Veit 2017}) 19. Bc4 b6 20. Qf2 Qf8 21. Bd5 Rab8 22. Rc2 Bh6 23. Bd4 (23. f4 $1 $16) 23... Bg7 $14 24. Be3 (24. Bxg7 $14 Qxg7 25. Qe3) 24... Bh6 $1 $16 {[#]} 25. f4 $1 Rd8 26. g3 e6 27. Bc6 Bg7 28. Rcd2 (28. Kg2 $16) 28... Bc3 {[#]} 29. Rc2 (29. Re2 $1 $16) 29... Bf6 (29... Bg7 $1 $11) 30. Qe2 e5 (30... Bg7 $142) 31. Qc4 exf4 32. gxf4 Ne6 (32... Kg7 $16) 33. Re2 ({White should play} 33. f5 $18 gxf5 34. exf5) 33... Qh6 34. Rf1 {Hoping for f5.} Qh3 35. f5 Bg5 (35... gxf5 $16 {was worth a try.} 36. exf5 Ng7) 36. Bc1 Bxc1 37. Qxc1 Nd4 38. Re3 (38. Ref2 $16 {Bd5 is the strong threat.} Nxc6 39. bxc6) 38... Qg4+ ({Black should try} 38... Qh6 $1 $14) 39. Kh1 {Threatens to win with Qc4.} Rbc8 (39... Nxc6 $16 40. bxc6 Rf8) 40. Rg3 $18 Qe2 $2 (40... Qh5) 41. fxg6 Nxc6 42. gxf7+ Kh8 43. Qf4 {Accuracy: White = 41%, Black = 28%.} 1-0

[Event "CZE-ch Open 2019"]
[Site "Ostrava"]
[Date "2019.04.29"]
[Round "3.19"]
[White "Neumann, Filip"]
[Black "Vesselovsky, Serguei"]
[Result "1-0"]
[WhiteElo "2076"]
[BlackElo "2335"]
[Annotator "TA"]
[PlyCount "99"]
[EventDate "2019.04.27"]
[EventType "swiss"]
[EventCountry "CZE"]
[SourceTitle "playchess.com"]
[Source "ChessBase"]
[SourceQuality "1"]

{[%evp 21,99,18,14,0,10,9,17,4,8,11,21,19,25,-1,44,8,41,0,11,14,7,21,20,-77,0,-18,-13,-37,-25,-47,-40,-36,-31,-65,-48,-145,-158,-158,-84,-152,-87,-92,202,59,302,172,161,161,168,166,169,158,164,137,154,149,314,249,357,393,400,415,410,408,380,379,437,402,5014,4976,4670,4710,29967,29968,29969,29970,29970,29971,29975,29974]} 1. e4 c5 2. Nf3 Nc6 3. d4 cxd4 4. Nxd4 Nf6 5. Nc3 d6 6. Bg5 e6 7. Qd2 a6 8. O-O-O Bd7 9. f4 h6 10. Bxf6 Qxf6 11. Nf3 Qd8 12. Bc4 {B67: Sicilian: Richter-Rauzer: 7...a6 8 0-0-0 Bd7, lines without 9 f4 Be7} Qc7 13. Kb1 O-O-O 14. Bb3 $146 {The position is equal.} ({Predecessor:} 14. g4 Kb8 15. h4 Na5 16. Bb3 b5 17. f5 Be7 18. g5 b4 {0-1 (42) Gutierrez,D-Wang,Z (2550) Greenhills 1989}) 14... Be7 15. Rhe1 Rhe8 16. Qf2 Kb8 17. Na4 Na7 18. Qd4 Bf8 19. Qb6 Nc8 20. Qf2 b5 21. Nc3 Nb6 22. Nd4 (22. a3 $11 {remains equal.}) 22... Qc5 (22... b4 $1 $17 {[%cal Rb4c3]} 23. Nce2 a5) 23. Qf1 Rc8 24. f5 b4 $36 {[%mdl 2048] Black fights for an advantage.} 25. fxe6 fxe6 26. Nce2 Be7 27. e5 dxe5 28. Nxe6 (28. Nf3 $15) 28... Bxe6 $17 29. Bxe6 Qxc2+ 30. Ka1 {aiming for Rc1.} Na4 (30... Rf8 $142 $1 {[%cal Rf8f1]} 31. Qh1 Na4 $1 {[%mdl 512]}) 31. Rb1 {Strongly threatening Rec1.} Bf6 $2 {[%mdl 8192]} (31... Rf8 $17 {keeps the pressure on.} 32. Qg1 Bc5) 32. Rec1 (32. Bxc8 $18 Rxc8 33. Rec1) 32... Qd2 $2 (32... Rxe6 $14 33. Rxc2 Rxc2) 33. Rxc8+ (33. Bxc8 $142 Rxc8 34. Rxc8+ Kxc8 {[#]} 35. Nd4 $1 {[%mdl 512]}) 33... Rxc8 $18 34. Bxc8 e4 {[%cal Rf6b2]} 35. Qf4+ Qxf4 36. Nxf4 Kxc8 {[%mdl 4096] Endgame KRN-KBN} 37. Nd5 Be5 38. Nxb4 Bxh2 $2 (38... Kb7 $16 39. h3 a5) 39. Nxa6 e3 (39... Be5 $142 40. Rc1+ Kd7) 40. Re1 Be5 41. Rxe3 Bxb2+ 42. Kb1 Bf6 43. Kc2 Kb7 44. Kb3 Nc3 (44... Nb6 $142 45. Nb4 Nd7) 45. Nc5+ Kc6 46. Rxc3 Bxc3 47. Kxc3 {White mates.} Kxc5 48. Kd3 Kd5 49. Ke3 g5 50. g4 {Accuracy: White = 44%, Black = 23%.} 1-0

[Event "CZE-ch Open 2019"]
[Site "Ostrava"]
[Date "2019.04.29"]
[Round "3.20"]
[White "Didi, Jan"]
[Black "Blatny, Pavel"]
[Result "0-1"]
[WhiteElo "2025"]
[BlackElo "2326"]
[Annotator "TA"]
[PlyCount "114"]
[EventDate "2019.04.27"]
[EventType "swiss"]
[EventCountry "CZE"]
[SourceTitle "playchess.com"]
[Source "ChessBase"]
[SourceQuality "1"]

{[%evp 10,114,46,40,56,39,39,20,41,26,77,67,121,12,16,11,18,-35,-42,-37,-40,-38,-33,-35,-37,-48,-41,-55,-58,-54,-32,-72,-54,-105,-111,-179,-178,-146,-114,-134,-144,-158,-158,-147,-143,-178,-162,-254,-208,-228,-228,-234,-237,-231,-138,-128,-140,-158,-155,-139,-52,-209,-209,-275,-255,-273,-258,-262,-263,-250,-247,-322,-217,-420,-420,-399,-379,-556,-504,-579,-538,-604,-594,-628,-553,-711,-691,-645,-579,-535,-500,-659,-545,-528,-503,-1444,-1339,-29974,-29975,-29972,-29963,-29972,-10641,-29980,-29981,-29996,-29997]} 1. e4 g6 2. d4 Bg7 3. Nc3 d6 4. f4 e6 5. Nf3 Ne7 6. Be3 b6 {B06: Modern Defence} (6... a6 7. Bd3 b5 8. O-O O-O 9. Qd2 Nd7 10. f5 exf5 11. exf5 Nxf5 12. Bxf5 gxf5 13. Bg5 Nf6 14. Rae1 c6 {½-½ (50) Kacharava,N (2362)-Paravyan,D (2613) Batumi 2018}) 7. Bd3 Bb7 8. O-O Nd7 {The position is equal.} 9. Qd2 h6 (9... O-O $11 {remains equal.}) 10. Rae1 $16 a6 (10... d5 $14) 11. Ne2 ({White should try} 11. f5 $16) 11... Nf6 $146 ({Predecessor:} 11... f5 12. Ng3 {½-½ (74) Strugnell,C (2164)-Olivier,P (2211) France 2005}) 12. Ng3 d5 13. Bf2 (13. exd5 $11 Nexd5 14. Bf2) 13... dxe4 14. Nxe4 Nxe4 15. Bxe4 Bxe4 16. Rxe4 Qd5 $36 {[%mdl 2048] Black fights for an advantage.} 17. Qe2 Qxa2 18. c4 O-O 19. Re3 {Black must now prevent Ra3.} Qa4 20. b3 Qb4 21. Ne5 ({White should play} 21. g4 $15) 21... a5 $17 22. g4 (22. d5 $17 {was worth a try.}) 22... a4 $1 $19 23. bxa4 Qxa4 24. Bh4 Nc6 25. Qd3 Nxe5 $1 26. fxe5 Qd7 27. Rh3 Ra4 28. Bf6 (28. Bf2 $142) 28... c5 29. dxc5 Qxd3 30. Rxd3 Bxf6 ({But not} 30... Rxc4 31. cxb6 Bxf6 32. Rxf6 $17) ({Resist} 30... bxc5 31. Rc1) 31. Rxf6 Rxc4 (31... bxc5 $19 32. Rf4 g5) 32. cxb6 $17 {Threatening Rd7.} Rxg4+ $19 {[%mdl 4096] Endgame KRR-KRR} 33. Kf2 Rb4 34. Rd6 Rb5 (34... Ra8 $17 {...Ra5 is the strong threat.} 35. Kg3 h5) 35. Kf3 $2 (35. Kg3 $15) 35... Rxe5 36. b7 Kg7 $1 {[%cal Rg7f6]} 37. Rf4 {Hoping for Rb4.} Rb5 38. Rd7 {[#]} g5 $1 {[%cal Rg5f4]} 39. Rc4 Kg6 40. Rc6 Rb4 41. Ke3 $2 (41. Rcc7) 41... Rb8 42. Rcc7 f5 43. Rg7+ (43. Kd3 $142 e5 44. Kc3) 43... Kh5 44. Kd3 e5 45. Kc3 Rb1 46. Kc2 Rb6 47. Kc3 Kg4 48. Kc4 Rb1 49. Kd5 e4 50. Kd4 Kf4 51. Rgf7 h5 52. Kc3 (52. Rce7 $142 Rd8+ 53. Kc3) 52... Rc1+ 53. Kd2 {[#]} Rxc7 $1 ({Less strong is} 53... Rh1 54. Rc8 $17) 54. Rxc7 Kf3 55. Ke1 f4 (55... e3 $142 56. Rc5 Rxb7 57. Rxf5+ Kg4 58. Rc5 Rb1+ 59. Ke2 Rb2+ 60. Kxe3 Rxh2 61. Rc4+ Kh3 62. Kf3 h4 63. Rc1 g4+ 64. Kf4 Rf2+ 65. Kg5 Rb2 66. Rh1+ Kg3 67. Rg1+ Rg2 68. Rc1 h3 69. Rc8 h2 70. Rc3+ Kf2 71. Rc2+ Kf3 72. Rc3+ Ke4 73. Rc1 g3 74. Rh1 Kf3 75. Ra1 Re2 76. Ra3+ Re3 77. Ra4 g2 78. Rh4 g1=Q+ 79. Kf6 Qg3 80. Kf7 Qxh4 81. Kg8 h1=Q 82. Kg7 Qe7+ 83. Kg8 Qhh7#) 56. Kf1 e3 57. Rg7 e2+ 0-1

[Event "CZE-ch Open 2019"]
[Site "Ostrava"]
[Date "2019.04.29"]
[Round "3.21"]
[White "Kulhanek, Tomas"]
[Black "Jun, Rudolf Jr."]
[Result "1/2-1/2"]
[WhiteElo "2316"]
[BlackElo "2138"]
[Annotator "TA"]
[PlyCount "72"]
[EventDate "2019.04.27"]
[EventType "swiss"]
[EventCountry "CZE"]
[SourceTitle "playchess.com"]
[Source "ChessBase"]
[SourceQuality "1"]

{[%evp 12,72,27,23,33,33,44,42,39,52,62,45,68,31,25,24,22,-26,0,-10,0,-12,0,0,16,0,0,0,0,-12,-12,-10,-20,-22,-13,-19,-10,-11,-16,-14,-11,-14,-16,-16,-10,-18,-21,-46,-35,-35,0,0,0,-8,0,0,0,0,0,0,0,0,0]} 1. e4 c5 2. Nc3 Nc6 3. Bb5 g6 4. Bxc6 dxc6 5. d3 Bg7 6. Be3 b6 7. Qd2 Nf6 {B23: Closed Sicilian: Lines without g3} (7... e5 8. f4 Nf6 9. Nf3 Ng4 10. Nxe5 Nxe5 11. fxe5 Qh4+ 12. Bf2 Qe7 13. Bg3 Bxe5 14. Bxe5 Qxe5 15. O-O {1-0 (82) Solak,D (2641)-Saraci,N (2383) Minsk 2017}) 8. Bh6 O-O 9. Bxg7 Kxg7 {White is slightly better.} 10. f4 b5 11. Nf3 c4 $146 ({Predecessor:} 11... Qb6 12. e5 Nd5 13. O-O Rd8 14. Ne4 Bf5 15. Ng3 {0-1 (50) Laine,J (1816)-Albesa,A (1813) LSS email 2013}) 12. e5 Nd5 13. dxc4 bxc4 14. Nd4 Nxc3 (14... Nb4 $5 {[%cal Rd8d4]} 15. Rc1 Rb8 $15) 15. Qxc3 c5 16. Nf3 Be6 17. O-O Qb6 18. Nh4 Qb4 19. Qg3 {Threatening f5.} Kh8 20. Qg5 Qxb2 21. Qxe7 Qd4+ 22. Kh1 Qd8 23. Qf6+ Qxf6 24. exf6 Rfd8 25. Nf3 Rab8 26. Rad1 h6 27. Rxd8+ Rxd8 $11 {[%mdl 4096] Endgame KRB-KRN} 28. Rb1 c3 29. h3 Bxa2 30. Ra1 Bb3 31. Ne5 {The position is equal.} ({Don't go for} 31. cxb3 $2 c2 $19) 31... Kg8 32. Ra3 ({Not} 32. cxb3 $2 c2 $19) 32... c4 {...Rd6 is the strong threat.} 33. Rxa7 {Hoping for Rc7.} Bxc2 {[#] White must now prevent ...Bf5.} 34. Rxf7 Bf5 {Strongly threatening ...Rd7!} 35. Rg7+ Kf8 36. Rf7+ Kg8 {Accuracy: White = 56%, Black = 68%.} 1/2-1/2

[Event "CZE-ch Open 2019"]
[Site "Ostrava"]
[Date "2019.04.29"]
[Round "3.22"]
[White "Kana, Pavel"]
[Black "Sramek, Vojtech"]
[Result "0-1"]
[WhiteElo "2013"]
[BlackElo "2304"]
[Annotator "TA"]
[PlyCount "70"]
[EventDate "2019.04.27"]
[EventType "swiss"]
[EventCountry "CZE"]
[SourceTitle "playchess.com"]
[Source "ChessBase"]
[SourceQuality "1"]

{[%evp 25,86,0,0,0,0,0,0,-31,-30,-25,0,-8,7,14,12,0,10,8,13,19,13,0,0,0,0,-35,-50,-31,-37,-41,-35,-861,-895,-885,-879,-1239,-1222,-1193,-1144,-1584,-1484,-1351,-1589,-1180,-1098,-1033,-1024,-1004,-831,-1108,-1074,-1302,-1165,-904,-883,-840,-799,-29977,-29978,-29977,-29978,-29994,-29995]} 1. e4 c5 2. Nf3 d6 3. d4 cxd4 4. Nxd4 Nf6 5. Nc3 g6 6. Be3 Bg7 7. Be2 O-O 8. O-O Nc6 9. Kh1 d5 10. exd5 Nxd5 11. Nxd5 Qxd5 12. Bf3 Qa5 13. Nxc6 bxc6 14. c3 {B73: Sicilian Dragon: Classical System without 9 Nb3} Rb8 15. Qc1 Qc7 16. Bc5 {The position is equal.} Rd8 $146 ({Predecessor:} 16... Bf5 17. Re1 Rfe8 18. a4 e5 19. b4 Rbd8 20. Ra3 Bd3 21. g3 e4 {0-1 (34) Tsomis,D (2295)-Tzermiadianos,A (2440) Peristeri 1995}) 17. Re1 e5 18. b4 Be6 19. Qe3 a5 20. Rad1 Bd5 21. a3 f5 22. c4 Bxf3 23. Qxf3 e4 24. Qb3 Qe5 25. Bb6 Rxd1 26. Rxd1 a4 27. Qe3 f4 $40 {[%mdl 128] Black has some attack.} 28. Qd4 $2 {[%mdl 8192]} (28. Qd2 $15) 28... Qxd4 $19 {[%mdl 64] [#] Overworked Piece} 29. Bxd4 {[%mdl 4096] Endgame KRB-KRB} Rd8 30. b5 cxb5 31. cxb5 Rxd4 {[%cal Rd4d1] KRB-KR} 32. Rc1 e3 33. fxe3 fxe3 {[#] ( -> ...e2)} 34. Kg1 Rd8 35. Kf1 Rb8 {Played: Bg7-b2} 0-1

[Event "CZE-ch Open 2019"]
[Site "Ostrava"]
[Date "2019.04.29"]
[Round "3.23"]
[White "Worek, Joanna"]
[Black "Horak, Jan"]
[Result "1-0"]
[WhiteElo "2299"]
[BlackElo "2158"]
[Annotator "TA"]
[PlyCount "59"]
[EventDate "2019.04.27"]
[EventType "swiss"]
[EventCountry "CZE"]
[SourceTitle "playchess.com"]
[Source "ChessBase"]
[SourceQuality "1"]

{[%evp 18,58,21,0,31,26,46,41,40,3,36,14,43,20,20,22,35,16,26,0,18,-37,15,17,9,0,15,-25,4,0,24,20,129,119,141,102,739,767,778,750,1658,1656,29999]} 1. e4 c5 2. Nf3 e6 3. d4 cxd4 4. Nxd4 a6 5. Bd3 Qc7 6. Nc3 Nf6 7. O-O d6 8. Kh1 Be7 9. f4 Nbd7 10. Qf3 g6 {B82: Sicilian Scheveningen: 6 f4} 11. Bd2 b6 12. Rae1 Bb7 {White is slightly better.} 13. Qh3 Nc5 14. a3 $146 ({Predecessor:} 14. b4 Nxd3 15. cxd3 Qd7 16. f5 gxf5 17. exf5 e5 18. Ne6 {0-1 (28) Kalegin,E (2453)-David,A (2622) Chalkis 2010}) 14... Rd8 15. b4 (15. Re2 {is more complex.} e5 16. Nf3 h6 17. Ne1 Qd7 18. f5) 15... Nxd3 16. cxd3 Qd7 17. Nf3 Rc8 18. Rc1 d5 {[%cal Rd5e4]} 19. e5 ({White should try} 19. Ne5 $11 Qd6 20. exd5) 19... Nh5 (19... Ne4 $1 $15) 20. Nd4 Ng7 21. Nce2 {[%cal Bc3e2,Be2g1,Bg1f3][%mdl 32]} O-O 22. Ng1 a5 23. Rb1 Qa4 24. Ngf3 {Threatens to win with bxa5.} axb4 (24... Ba6 $1 $11 {remains equal.}) 25. Bxb4 $16 Bxb4 26. axb4 $40 {[%mdl 128] [#] aiming for Qh6. White is out for blood.} Rc3 $2 {[%mdl 8192]} (26... Nf5 $16) 27. Qh6 $18 f6 28. exf6 {[%csl Gf6][%cal Rh6g7]} Nf5 29. Nxf5 exf5 30. Qg7# {Accuracy: White = 54%, Black = 17%.} 1-0

[Event "CZE-ch Open 2019"]
[Site "Ostrava"]
[Date "2019.04.29"]
[Round "3.24"]
[White "Bures, Martin"]
[Black "Obsivac, Josef"]
[Result "1/2-1/2"]
[WhiteElo "2150"]
[BlackElo "2285"]
[Annotator "TA"]
[PlyCount "120"]
[EventDate "2019.04.27"]
[EventType "swiss"]
[EventCountry "CZE"]
[SourceTitle "playchess.com"]
[Source "ChessBase"]
[SourceQuality "1"]

{[%evp 10,120,89,89,89,68,94,89,95,93,101,94,94,78,203,197,195,191,168,167,247,227,221,152,172,137,146,-22,0,0,0,0,0,0,0,0,23,31,43,0,0,0,0,0,0,0,0,0,0,0,0,0,0,-36,-24,-41,-39,-132,-24,-135,-153,-167,-122,-311,-126,-116,0,-270,0,-141,-99,-302,-302,-718,-718,-710,-710,-713,-710,-679,0,-505,-140,-159,-24,-24,-24,-24,-24,-24,-24,-24,-24,-24,-24,-24,0,-24,-24,-24,-24,-24,-24,-24,-24,-24,-24,-24,-24,-24,-24,-24,-24]} 1. d4 c5 2. d5 e5 3. e4 d6 4. Bb5+ Nd7 5. a4 Ngf6 6. Nc3 a6 {A44: Semi-Benoni} (6... Be7 7. Nf3 O-O 8. O-O Kh8 9. Nd2 g6 10. Nc4 Ng8 11. f4 exf4 12. Bxf4 Nb6 13. e5 Nxc4 14. Bxc4 dxe5 15. Bxe5+ {1-0 (44) Aronian,L (2767)-Caruana,F (2822) chess.com INT 2018}) 7. Be2 g6 8. Nf3 Bg7 {White is better.} 9. Nd2 O-O 10. h4 h5 $146 ({Predecessor:} 10... Ne8 11. h5 f5 12. hxg6 hxg6 13. Nc4 {0-1 (59) Marczuk,A (1931)-Woloch,O (2164) Suchedniow 2016}) 11. Nc4 Qe7 (11... Nb6 $16) 12. Bg5 $18 Re8 13. g4 hxg4 14. h5 Qf8 (14... Nf8 $142 15. Nb6 Rb8) 15. hxg6 fxg6 16. Qd2 Nh5 17. O-O-O b5 18. Ne3 $2 (18. Bxg4 $16 bxc4 19. Bxh5 gxh5 20. Rxh5) 18... b4 19. Nb1 Ndf6 $1 $36 {[%cal Rf6e4][%mdl 2048] Black fights for an advantage.} 20. Bxf6 Nxf6 21. Qd3 Bh6 22. Nd2 Ra7 23. Rdg1 {[%cal Re3g4]} Rh7 24. Kb1 {[%cal Re3g4]} (24. Ndc4 {with more complications.} a5 25. Kb1 Bxe3 26. Qxe3 Rxh1 27. Rxh1 Ba6 28. Nd2) 24... Ree7 25. Nxg4 Bxd2 26. Nxf6+ Qxf6 27. Qxd2 Rxh1 28. Rxh1 Rh7 29. Rxh7 Kxh7 30. Qe3 a5 31. Kc1 Qh4 32. Kd2 Kg7 33. b3 {[#]} (33. c3 $15) 33... Kf6 (33... Qf4 $1 $17) 34. Bb5 (34. f3 $11) 34... Qf4 $17 35. Be2 Kg5 36. Bb5 $2 (36. Bf1 $17) 36... Bh3 (36... Bg4 $19 {is more deadly.} 37. Bc4 Bh5) 37. Be2 Bc8 $2 (37... Bd7 $17) 38. Bb5 $1 $19 Kf6 (38... Bg4 $19 39. Bf1 Bf3) 39. Be2 $1 $17 g5 40. Bb5 $2 (40. f3 $17) 40... Bg4 $19 41. Bf1 $2 (41. Kd3) 41... Bf3 42. Kd3 g4 43. Qe1 Kg5 44. Qe3 Kf6 45. Qe1 $1 {and the idea Qe3 leaves White hopeful.} Qh6 $2 (45... Bh1 $19 46. Ke2 Qxe4+ {[%mdl 64] Double Attack} 47. Kd2 Qd4+ 48. Kc1 Qa1+ 49. Kd2 Qd4+ 50. Kc1 Bxd5) 46. Qe3 $17 {[#]} Kg6 (46... Qh1 $1 $17 {[%cal Rh1f1]} 47. Be2 Kg6) 47. Qxh6+ $11 Kxh6 {[%mdl 4096] Endgame KB-KB} 48. Ke3 Kg5 49. Bb5 Bg2 (49... Kh4 $5 50. Bf1 $8 Bh1 $11) 50. Bd7 Kh4 51. Bb5 $1 Kh3 {Strongly threatening ...Bf3.} 52. Be2 Kh4 {Hoping for ...Kh3.} 53. Bb5 Bf3 {Threatens to win with ...Kh3.Black has an edge.} 54. Bf1 $1 Kh5 55. Bb5 Kg5 56. Bf1 Kh4 57. Kd3 $1 g3 (57... Bh1 $5) 58. fxg3+ Kxg3 {...Kf4 is the strong threat.} (58... Kg4 $5) 59. Ke3 Bd1 60. Bd3 Bg4 {Accuracy: White = 52%, Black = 49%.} 1/2-1/2